El benefactor y otros relatos

Na minha lista:
Detalhes bibliográficos
Autor principal: Durán Ayanegui, Fernando
Formato: Livro
Idioma:Undetermined
Publicado em: San José, Costa Rica UNED 1997
Edição:2
Assuntos:
Tags: Adicionar Tag
Sem tags, seja o primeiro a adicionar uma tag!

MARC

LEADER 00000nam a2200000Ia 4500
008 170316s9999 xx 000 0 und d
040 |a cru BVZT 
090 |a 868 D-16b 
100 |a Durán Ayanegui, Fernando 
245 |a El benefactor y otros relatos 
250 |a 2 
260 |a San José, Costa Rica 
260 |b UNED 
260 |c 1997 
300 |a 130 páginas 
650 |a COLECCIÓN VIEJA Y NUEVA NARRATIVA COSTARRICENSE 
650 |a LITERATURA COSTARRICENSE 
650 |a CUENTO 
999 |c 10932  |d 10932 
942 |c 15 D  |h 868 D-16b  |2 z